000 01417aam a2200277 a 4500
003 AR-RoUNCS
005 20260630172023.0
007 ta
008 260630s2009 ag |r 00| 1 spa d
020 _a9789507533143
040 _aAR-RoUNCS
_bspa
_cAR-RoUNCS
041 _aspa
100 0 _aSófocles
_eautor
245 1 0 _aAntígona ; Edipo rey /
_cSófocles.
260 _aBuenos Aires :
_bCántaro,
_cc2009.
300 _a153 p. ;
_c19 cm.
490 0 _aColección del Mirador ;
_v226
505 _tPuertas de acceso.
505 _tLa obra: Antígona.
505 _tLa obra: Edipo rey.
520 _aSófocles ha sabido construir la historia de la grandeza y de la miseria de personajes plenamente humanos, por eso, releer a este autor clásico, en nuestros días, es encontrarse con los grandes problemas que han preocupado a los hombres desde siempre y que, paradójicamente, las sociedades más desarrolladas no han podido, todavía, resolver. La confrontación de la justicia humana con la divina y los excesos del poder, en Antígona, o la soberbia y el enfrentamiento del ser con su destino, en Edipo rey, son temas que viven en páginas de incomparable tensión dramática y que convocan al lector, joven y adulto por igual, a una lectura reflexiva y fecunda.
650 7 _aMitología griega
_2embne
650 7 _aLiteratura griega
_2embne
655 7 _2embne
_aTragedias
942 _2udc
_cOG
_n0
999 _c1068
_d1068